000 01073cam a2200217 4500
001 WB3814-23
008 020416n2002 000 0 eng u
035 _a(Sirsi) u117510
245 _aRICS members targeted by fraudsters
260 _c2002
490 _aRICS Press Release
_v12 April 2002
520 _aNational Criminal Intelligence Service have warned that RICS members arebeing targeted by fraudsters promising large cash payouts in return for a small upfront investment. The scam is often connected with real estate ventures or currency conversions when an offer is made to transfer millions of pounds into the individual's bank account. At least one RICS member has already been affected by this fraud and has lost thousands of pounds. For RICS News Release: http://www.rics.org/ricscms/bin/show?class=News&template=/includes/shownews.html&id=2259
590 _aWB
650 _aRICS MEMBERSHIP
650 _aFRAUD
650 _aCORRUPTION
650 _aPOLICE
650 _aNATIONAL CRIMINAL INTELLIGENCE SERVICE
690 _aRICS NEWS
942 _n0
999 _c69988
_d69988